| 000 | 00782 a2200181 4500 | ||
|---|---|---|---|
| 008 | 080820t xxu||||| |||| 00| 0 eng d | ||
| 010 | _aENG-84864 | ||
| 020 |
_a8183900100 _c200.00 |
||
| 035 | _aENG-68397 | ||
| 082 | _a810 | ||
| 245 |
_aGoswami Tulsidas' dohawali _ccompiled and translated by Ajai Kumar Chhawchharia _boriginal text with complete English translation and commentaries |
||
| 260 |
_aDelhi _bAbhishek Prakashan _c2006 |
||
| 270 |
_a5824, New Chandrawal Nagar, Jawahar Nagar _bDelhi _cTamil Nadu _e110007 _k9811167357 |
||
| 300 |
_axi, 123 p. _c22 cm. (Hb) |
||
| 500 | _aIncludes index | ||
| 942 |
_adpl _cEN _k810 / GOS _2ddc _h810 _mGOS |
||
| 999 |
_c608 _d608 |
||